Svetové kultúrne a prírodné dedičstvo Jaskyne Slovenského a Aggteleckého krasu

Bibliographic Details
Main Author: Barbierik, Anton (Author)
Format: Article
Language:Slovak
PhysicalDescription:1 foto
Subjects:

MARC

LEADER 00000nab a2200000 a 4500
001 vtls001001914
003 SK-MaSNL
005 20260303121716.0
008 040720e19960910xo 0 slo
035 |a RV2514 
040 |a RVGKPD  |b slo  |c RVGKPD  |e AACR2 
041 0 |a slo 
044 |a xo  |c SK 
080 |a 551.442  |2 1981 
080 |a 502  |2 1981 
100 1 |a Barbierik, Anton  |4 aut  |9 1025663 
245 1 0 |a Svetové kultúrne a prírodné dedičstvo  |b Jaskyne Slovenského a Aggteleckého krasu 
300 |b 1 foto 
630 0 7 |a Zoznam svetového kultúrneho a prírodného dedičstva UNESCO  |2 snkbucl  |9 183179 
650 0 7 |a jaskyne  |2 RVGKPD  |9 20772 
650 0 7 |a svetové prírodné dedičstvo  |2 RVGKPD  |9 105203 
651 7 |a Národný park Slovenský kras (Slovensko)  |2 SNKPHgeo  |9 73258 
651 7 |a Slovenský kras (Slovensko : pohorie)  |2 SNKPHgeo  |9 14008 
651 7 |a Aggtelecký kras (Maďarsko)  |2 SNKPHgeo  |9 131506 
773 0 8 |t Zora Gemera  |g Roč. 45, č.37, 10.9.1996, s. 1 
852 |a ZVYKNI  |b KIS3GCP 
999 |c 1917294  |d 1919224